Central Library OPAC University of Rajshahi

The Japanese firm : (Record no. 4057)

MARC details
000 -LEADER
fixed length control field 01076cam a2200277 a 4500
001 - CONTROL NUMBER
control field 4057
003 - CONTROL NUMBER IDENTIFIER
rucl marc code BD-RjUL
005 - DATE AND TIME OF LATEST TRANSACTION
control field 20211208233827.0
008 - FIXED-LENGTH DATA ELEMENTS--GENERAL INFORMATION
fixed length control field 131221r20011994enk b 001 0 eng d
020 ## - INTERNATIONAL STANDARD BOOK NUMBER
International Standard Book Number 0198288158
International Standard Book Number 0198292155 (pbk.)
035 ## - SYSTEM CONTROL NUMBER
System control number (BD-RjUL)4091
-- (BD-RjUL)
040 ## - CATALOGING SOURCE
Original cataloging agency BD-RjUL
Language of cataloging eng
Transcribing agency BD-RjUL
Modifying agency BD-RjUL
041 ## - LANGUAGE CODE
Language code of text/sound track or separate title eng
082 ## - DEWEY DECIMAL CLASSIFICATION NUMBER
Edition number 338.90952
Author mark and year JAP
245 04 - TITLE STATEMENT
Title The Japanese firm :
Remainder of title the sources of competitive strength /
Statement of responsibility, etc. edited by Masahiko Aoki and Ronald Dore
260 ## - PUBLICATION, DISTRIBUTION, ETC. (IMPRINT)
Place of publication, distribution, etc. Oxford :
Name of publisher, distributor, etc. Oxford University Press,
Date of publication, distribution, etc. c1994[reprinted2001]
300 ## - PHYSICAL DESCRIPTION
Pagination xi, 410 p. ;
Size 24 cm
500 ## - GENERAL NOTE
General note "The inspiration for this volume was a ... conference at the Stockholm Institute of Economics in September 1991 ... ten of the fourteen papers of this volume were first given there." - pref.
504 ## - BIBLIOGRAPHY, ETC. NOTE
Bibliography, etc Includes bibliographical references and index
650 #0 - SUBJECT ADDED ENTRY--TOPICAL TERM
Topical term or geographic name as entry element Corporations
Geographic subdivision Japan
9 (RLIN) 12903
Topical term or geographic name as entry element Industrial organization
Geographic subdivision Japan
9 (RLIN) 12136
700 1# - ADDED ENTRY--PERSONAL NAME
Personal name Aoki, Masahiko,
Dates associated with a name 1938-
Personal name Dore, Ronald,
Dates associated with a name 1925-
942 ## - ADDED ENTRY ELEMENTS (KOHA)
Source of classification or shelving scheme Dewey Decimal Classification
Koha item type Books
Holdings
Lost status Source of classification or shelving scheme Damaged status Not for loan Collection code Permanent Location Current Location Shelving location Date acquired Source of acquisition Cost, normal purchase price Total Checkouts Full call number Date last seen Copy number Koha item type
  Dewey Decimal Classification   Not For Loan Non-fiction Central Library, University of Rajshahi Central Library, University of Rajshahi Reading Room 10/02/2002 japan foundation 0.00   338.90952 JAP 2001 21/12/2013 C-1 Books